[Event "chess.com IoM Masters"]
[Site "Douglas ENG"]
[Date "2017.09.28"]
[Round "6.10"]
[White "Vishnu Prasanna, V"]
[Black "Kasimdzhanov, Rustam"]
[Result "0-1"]
[WhiteTitle "GM"]
[BlackTitle "GM"]
[WhiteElo "2543"]
[BlackElo "2676"]
[WhiteFideId "5030692"]
[BlackFideId "14200244"]
[EventDate "2017.09.23"]

1. c4 Nf6 2. Nc3 c5 3. Nf3 d5 4. cxd5 Nxd5 5. e3 e6 6. Bc4 Nb6 7. Bb3 Nc6 8. d4
cxd4 9. exd4 Be7 10. O-O O-O 11. Re1 Bf6 12. Re4 Bd7 13. Ne5 Rc8 14. a3 Be8 15.
Qg4 Ne7 16. h4 Bc6 17. Nxc6 Rxc6 18. Bg5 Bxg5 19. hxg5 Qc7 20. Rae1 Rd8 21. Qh5
g6 22. Qh3 Nbd5 23. Bxd5 Nxd5 24. Qh6 Nxc3 25. bxc3 Rxc3 26. Rh4 Rd5 27. Qxh7+
Kf8 28. Qh8+ Ke7 29. Qf6+ Kd6 30. Re5 Rxe5 31. dxe5+ Kd5 32. Rb4 b6 33. g3 a5
34. Rb2 Kc6 35. Qf4 Kb7 36. a4 Rc1+ 37. Kh2 Qc6 38. Qxf7+ Ka6 39. f3 Qc3 40. Rg2
Qa1 41. Kh3 Rh1+ 42. Kg4 Qxa4+ 43. Qf4 b5 44. Qxa4 bxa4 45. f4 Kb5 46. Re2 Rf1
47. Kh3 a3 0-1

[Event "chess.com IoM Masters"]
[Site "Douglas ENG"]
[Date "2017.09.28"]
[Round "6.11"]
[White "Rathnakaran, K."]
[Black "Movsesian, Sergei"]
[Result "0-1"]
[WhiteTitle "IM"]
[BlackTitle "GM"]
[WhiteElo "2326"]
[BlackElo "2671"]
[WhiteFideId "5005507"]
[BlackFideId "310204"]
[EventDate "2017.09.23"]

1. e4 c5 2. Nf3 e6 3. d4 cxd4 4. Nxd4 a6 5. Bd3 Bc5 6. Nb3 Be7 7. c4 d6 8. Nc3
Nf6 9. O-O O-O 10. f4 Qc7 11. Be3 Nbd7 12. Rc1 b6 13. Qf3 Bb7 14. Qh3 Rfd8 15.
Bb1 Nf8 16. Nd2 Rac8 17. Nf3 N6d7 18. Ne2 Qb8 19. Ng3 b5 20. f5 Rxc4 21. Rxc4
bxc4 22. Nh5 exf5 23. Nxg7 Kxg7 24. Nd4 Kh8 25. Nxf5 Bf6 26. Nh6 Bg7 27. Rxf7
Ne5 28. Rxg7 Kxg7 29. Nf5+ Kf7 30. Qh5+ Neg6 31. Bd4 Rd7 32. Bc2 Bc6 33. Qg5 Ke8
34. Qf6 Qd8 35. Ng7+ Rxg7 36. Qxg7 Qg5 0-1

[Event "chess.com IoM Masters"]
[Site "Douglas ENG"]
[Date "2017.09.28"]
[Round "6.12"]
[White "Rudolf, Anna"]
[Black "Jones, Gawain C B"]
[Result "0-1"]
[WhiteTitle "IM"]
[BlackTitle "GM"]
[WhiteElo "2286"]
[BlackElo "2668"]
[WhiteFideId "722855"]
[BlackFideId "409561"]
[EventDate "2017.09.23"]

1. e4 e5 2. Bc4 Nf6 3. Nc3 Nc6 4. d3 Bc5 5. f4 d6 6. Nf3 Na5 7. f5 a6 8. a3 Nxc4
9. dxc4 b5 10. b4 Bb6 11. c5 Ba7 12. Bg5 Bb7 13. Nd5 Bxd5 14. Bxf6 Qxf6 15. Qxd5
O-O 16. O-O-O dxc5 17. Qxe5 Qxe5 18. Nxe5 cxb4 19. axb4 Rfe8 20. Nc6 Be3+ 21.
Kb1 Rxe4 22. Rhe1 Ree8 23. Rd7 Bf4 24. Ree7 Rxe7 25. Nxe7+ Kf8 26. Nd5 Bxh2 27.
Nxc7 Bxc7 28. Rxc7 h5 29. g3 Re8 30. Rc6 Re4 31. c3 Rc4 32. Rxa6 Rxc3 33. f6
gxf6 34. Rxf6 Rxg3 35. Rf5 Rb3+ 36. Kc2 Rxb4 37. Rxh5 Kg7 38. Kc3 Kg6 39. Rd5
Rb1 40. Kc2 Rb4 41. Kc3 Rb1 42. Kc2 Re1 43. Rxb5 f5 44. Kd2 Re8 45. Rb1 Kg5 46.
Rg1+ Kh4 47. Rf1 Kg4 48. Rg1+ Kh3 49. Rf1 Re5 50. Kd3 Kg2 51. Rf4 Kg3 0-1

[Event "chess.com IoM Masters"]
[Site "Douglas ENG"]
[Date "2017.09.28"]
[Round "6.13"]
[White "Riazantsev, Alexander"]
[Black "Deac, Bogdan-Daniel"]
[Result "1/2-1/2"]
[WhiteTitle "GM"]
[BlackTitle "GM"]
[WhiteElo "2666"]
[BlackElo "2559"]
[WhiteFideId "4125029"]
[BlackFideId "1226380"]
[EventDate "2017.09.23"]

1. d4 Nf6 2. c4 g6 3. Nc3 d5 4. cxd5 Nxd5 5. g3 Bg7 6. Bg2 Nb6 7. e3 e5 8. Nge2
O-O 9. O-O c6 10. b3 exd4 11. exd4 Re8 12. Bf4 Na6 13. Qd2 Nc7 14. Bg5 Bf6 15.
Bxf6 Qxf6 16. Ne4 Qg7 17. Rae1 Rd8 18. h3 Nbd5 19. Rd1 Ne6 20. Rfe1 Ndc7 21. Qa5
b6 22. Qe5 Nd5 23. N2c3 f6 24. Nxf6+ Qxf6 25. Nxd5 Qxe5 26. Rxe5 cxd5 27. Bxd5
Rxd5 28. Rxd5 Kf7 29. Re5 Nf8 30. g4 Bd7 31. Rde1 Re8 32. Rxe8 Bxe8 33. Rc1 a5
34. Rc7+ Nd7 35. f4 Ke7 36. Kf2 Bf7 37. Rc8 Be6 38. Ke3 Nf6 39. Rb8 Nd5+ 40. Ke4
Nf6+ 41. Kd3 Nd5 42. Ke4 Nf6+ 43. Ke3 Nd5+ 44. Kf3 h5 45. Rb7+ Kd6 46. Kg3 hxg4
47. hxg4 Bd7 48. Rb8 a4 49. bxa4 Bxa4 50. Kh4 Bd7 51. Kg5 b5 52. a3 Ne7 53. Rb6+
Kd5 54. Rb7 Kd6 55. Rb6+ Kd5 56. Rb8 Kd6 57. Ra8 Nc6 58. Rg8 Ne7 59. Rb8 Kc7 60.
Ra8 Nc6 61. d5 Nd4 62. Ra7+ Kd6 63. Rb7 Nf3+ 64. Kxg6 Bxg4 65. Rxb5 Nd4 66. Ra5
Bf3 67. Kg5 Be4 68. a4 Bc2 69. Kf6 Ne2 70. Kg5 Nc3 71. Ra6+ Kxd5 72. a5 Ne4+ 73.
Kh6 Nc5 74. Rb6 Bd3 75. Kg5 Ne4+ 76. Kf5 Nd6+ 77. Kf6 Kc5 78. Ke6 Nb5 79. Kd7
Bf5+ 80. Ke7 Nd4 81. Rb2 Nc6+ 82. Kf6 Bd3 83. Rd2 Bc4 84. f5 Nxa5 85. Ke7 Nc6+
86. Ke8 Ne5 87. f6 Bf7+ 88. Ke7 Bc4 89. Rd1 Ng4 90. f7 Bxf7 91. Kxf7 Ne3 92. Rd8
Kc4 93. Ke6 Kc3 94. Ke5 Nc4+ 95. Ke4 Nd2+ 96. Kd5 Nb3 97. Rh8 Kb4 98. Rh4+ Kc3
99. Rh3+ Kb4 100. Rg3 Na5 101. Rg8 Kc3 102. Rc8+ Kd3 103. Rb8 Kc3 104. Ke4 Nb3
105. Rc8+ Kd2 106. Rc7 Nc1 107. Rd7+ Kc3 108. Rc7+ Kd2 109. Rh7 Kc3 110. Rh8 Nb3
111. Rc8+ Kd2 112. Rh8 Kc3 113. Rh3+ Kc4 114. Ke5 Nd2 115. Rh4+ Kd3 116. Rf4
Nc4+ 117. Kd5 Ne3+ 118. Kc5 Nc2 119. Ra4 Ne3 120. Ra3+ Ke4 121. Ra4+ Ke5 122.
Ra8 Ke4 123. Re8+ Kd3 124. Re7 Nf5 125. Ra7 Ke4 126. Ra8 Ne3 127. Re8+ Kd3 128.
Re5 Nc2 129. Rd5+ Ke4 130. Rh5 Ne3 131. Rh4+ Ke5 132. Rd4 Nf5 133. Rd8 Ke4 134.
Kc4 Ne3+ 135. Kc3 Nd5+ 136. Kd2 Nf4 137. Re8+ Kd4 138. Ra8 Nd5 139. Ra4+ Ke5
140. Kd3 Nf4+ 141. Ke3 Nd5+ 142. Kf3 1/2-1/2

[Event "chess.com IoM Masters"]
[Site "Douglas ENG"]
[Date "2017.09.28"]
[Round "6.14"]
[White "Granda Zuniga, Julio E"]
[Black "Wagner, Dennis"]
[Result "0-1"]
[WhiteTitle "GM"]
[BlackTitle "GM"]
[WhiteElo "2653"]
[BlackElo "2564"]
[WhiteFideId "3800024"]
[BlackFideId "24650684"]
[EventDate "2017.09.23"]

1. c4 c5 2. g3 g6 3. Bg2 Bg7 4. Nc3 Nc6 5. e3 d6 6. Nge2 h5 7. d4 cxd4 8. exd4
Nh6 9. Bxh6 Bxh6 10. d5 Ne5 11. f4 Ng4 12. Qd4 O-O 13. h3 Bg7 14. Qd2 Nh6 15.
O-O a6 16. Kh2 Bd7 17. Ne4 Qb6 18. Rac1 Nf5 19. Rf3 Rfc8 20. b3 Qa7 21. g4 hxg4
22. hxg4 Nh6 23. g5 Nf5 24. N4g3 b5 25. Nxf5 Bxf5 26. Ng3 Bg4 27. Re3 bxc4 28.
bxc4 Rab8 29. Rc2 Rb1 30. Re1 Rcb8 31. Bh3 Qd7 32. Bg2 Qa7 33. Bh3 Qd7 34. Bg2
Rxe1 35. Qxe1 Bd4 36. Qd2 Qa7 37. Qe1 Be3 38. c5 Bxc5 39. Bh3 Bxh3 40. Kxh3 Qd7+ 0-1

[Event "chess.com IoM Masters"]
[Site "Douglas ENG"]
[Date "2017.09.28"]
[Round "6.16"]
[White "L'Ami, Erwin"]
[Black "Brown, Michael William"]
[Result "1-0"]
[WhiteTitle "GM"]
[BlackTitle "IM"]
[WhiteElo "2611"]
[BlackElo "2499"]
[WhiteFideId "1007998"]
[BlackFideId "2037602"]
[EventDate "2017.09.23"]

1. c4 Nf6 2. Nc3 e6 3. e4 d5 4. cxd5 exd5 5. e5 Ne4 6. Nf3 Nc6 7. Be2 Bg4 8. O-O
Be7 9. d4 O-O 10. Be3 f6 11. exf6 Bxf6 12. Qb3 Nxc3 13. bxc3 Na5 14. Qa4 c6 15.
Rae1 Bxf3 16. Bxf3 Nc4 17. Bc1 a5 18. Be2 b5 19. Qc2 Qd7 20. Bd3 g6 21. g3 Rae8
22. Kg2 Rxe1 23. Rxe1 Re8 24. Rh1 Qf7 25. h4 b4 26. h5 g5 27. cxb4 axb4 28. Rd1
Kh8 29. Bf5 Rf8 30. Bg4 h6 31. Kh3 Bg7 32. f4 gxf4 33. Bxf4 Re8 34. Qc1 Re4 35.
Re1 Bxd4 36. Rxe4 dxe4 37. Qb1 Qe7 38. Qc2 Ne3 39. Qxc6 Nxg4 40. Kxg4 Bg7 41.
Bxh6 Bxh6 42. Qxh6+ Kg8 43. Qg6+ Kh8 44. h6 Qd7+ 45. Kh4 Qd8+ 46. Kh3 Qd7+ 47.
Qg4 Qe7 48. Qg7+ Qxg7 49. hxg7+ Kxg7 50. Kg4 Kg6 51. Kf4 Kh5 52. Kxe4 Kg4 53.
Kd4 Kxg3 54. Kc4 Kf4 55. Kxb4 Ke5 56. Kc5 Ke6 57. Kc6 Ke7 58. a4 Kd8 59. Kb7 1-0

[Event "chess.com IoM Masters"]
[Site "Douglas ENG"]
[Date "2017.09.28"]
[Round "6.17"]
[White "Svane, Rasmus"]
[Black "Batsiashvili, Nino"]
[Result "0-1"]
[WhiteTitle "GM"]
[BlackTitle "IM"]
[WhiteElo "2595"]
[BlackElo "2472"]
[WhiteFideId "4657101"]
[BlackFideId "13602993"]
[EventDate "2017.09.23"]

1. Nf3 d5 2. g3 Nf6 3. Bg2 e6 4. O-O c5 5. c4 Nc6 6. cxd5 exd5 7. d4 Be7 8. b3
Ne4 9. Bb2 Bf6 10. Nbd2 Bf5 11. Nxe4 dxe4 12. Nd2 Bxd4 13. Bxd4 Qxd4 14. e3 Qd3
15. Qc1 O-O-O 16. Rd1 Rhe8 17. Nc4 Qxd1+ 18. Qxd1 Rxd1+ 19. Rxd1 Kc7 20. Nd6 Rd8
21. Nb5+ Kb6 22. Rxd8 Nxd8 23. Nd6 Bg6 24. Nxe4 Kb5 25. a3 Bxe4 26. Bxe4 c4 27.
Bc2 a5 28. f4 h6 29. Kf2 Ne6 30. Ke2 Nc5 31. bxc4+ Kxc4 32. Kd2 Nb3+ 33. Ke2 Kc3
34. Be4 Nc5 35. Bd5 f6 36. h4 b5 37. Kf3 a4 38. e4 Kd4 39. Bc6 b4 40. axb4 a3
41. Bd5 Nxe4 42. Ba2 Nc3 43. Bb3 Nb5 44. Ba2 f5 45. h5 Kc3 46. Ke3 Nd4 0-1

[Event "chess.com IoM Masters"]
[Site "Douglas ENG"]
[Date "2017.09.28"]
[Round "6.18"]
[White "Swapnil, S. Dhopade"]
[Black "Tari, Aryan"]
[Result "1-0"]
[WhiteTitle "GM"]
[BlackTitle "GM"]
[WhiteElo "2532"]
[BlackElo "2588"]
[WhiteFideId "5019184"]
[BlackFideId "1510045"]
[EventDate "2017.09.23"]

1. d4 Nf6 2. c4 g6 3. Nc3 d5 4. cxd5 Nxd5 5. e4 Nxc3 6. bxc3 Bg7 7. Qa4+ Qd7 8.
Bb5 c6 9. Be2 c5 10. Bb5 Nc6 11. Nf3 O-O 12. O-O Qc7 13. Bxc6 bxc6 14. Ba3 cxd4
15. cxd4 Bg4 16. Ne5 Bxe5 17. dxe5 Qxe5 18. f3 Bc8 19. Qxc6 Qd4+ 20. Kh1 Bd7 21.
Qa6 Rfe8 22. Rab1 Rab8 23. h3 h5 24. Qa5 Rxb1 25. Rxb1 Be6 26. Rb7 Bxa2 27. Bxe7
a6 28. Qg5 Kh7 29. Bf6 Qd1+ 30. Kh2 Qd6+ 31. e5 Qc5 32. f4 Qc2 33. Ra7 Qd3 34.
Qg3 Qxg3+ 35. Kxg3 Bc4 36. Kh4 Kg8 37. Kg5 Rc8 38. g3 Kf8 39. g4 hxg4 40. hxg4
Rb8 41. Rc7 Bb3 42. Ra7 Bc4 43. Be7+ Kg7 44. Rc7 Be6 45. Rc2 f5 46. exf6+ Kf7
47. Rc7 Rc8 48. Ra7 Rc6 49. Ba3+ 1-0

[Event "chess.com IoM Masters"]
[Site "Douglas ENG"]
[Date "2017.09.28"]
[Round "6.20"]
[White "Huschenbeth, Niclas"]
[Black "Almasi, Zoltan"]
[Result "0-1"]
[WhiteTitle "GM"]
[BlackTitle "GM"]
[WhiteElo "2596"]
[BlackElo "2707"]
[WhiteFideId "24604747"]
[BlackFideId "702293"]
[EventDate "2017.09.23"]

1. e4 e5 2. f4 exf4 3. Nf3 h6 4. d4 g5 5. Nc3 Bg7 6. g3 fxg3 7. hxg3 d6 8. Be3
Nc6 9. Qd2 Bg4 10. Nh2 Bd7 11. O-O-O Nf6 12. Bd3 Ng4 13. Nxg4 Bxg4 14. Rdf1 O-O
15. Nd5 f6 16. Bc4 Be6 17. Bb3 a5 18. Nxc7 Bxb3 19. Nxa8 Bc4 20. d5 Ne7 21. Nb6
Bxf1 22. Rxf1 f5 23. Re1 fxe4 24. g4 Ng6 25. Qxa5 Ne5 26. Kb1 Nxg4 27. Bc1 Ne5
28. Qb5 g4 29. Nc4 Qh4 30. Rxe4 Qh1 31. Rxe5 dxe5 32. Ne3 g3 33. d6 g2 34. Qd5+
Kh8 35. Nxg2 Rf1 36. Qd2 Rd1 0-1

[Event "chess.com IoM Masters"]
[Site "Douglas ENG"]
[Date "2017.09.28"]
[Round "6.21"]
[White "Naiditsch, Arkadij"]
[Black "Ju, Wenjun"]
[Result "1-0"]
[WhiteTitle "GM"]
[BlackTitle "GM"]
[WhiteElo "2702"]
[BlackElo "2574"]
[WhiteFideId "4650891"]
[BlackFideId "8603006"]
[EventDate "2017.09.23"]

1. e4 e5 2. Bc4 Nf6 3. d3 Bc5 4. Nc3 Nc6 5. Bg5 h6 6. Bh4 Be7 7. Bg3 d6 8. a4
O-O 9. Nge2 Be6 10. O-O a6 11. Nd5 Nh5 12. c3 Kh8 13. a5 Qd7 14. f3 Nxg3 15.
hxg3 Bxd5 16. Bxd5 Bd8 17. Qa4 Rb8 18. b4 Kg8 19. f4 Qg4 20. Rf3 Ne7 21. Bb3 Nc6
22. Raf1 Bf6 23. Qa2 Qd7 24. Qd2 Kh7 25. d4 Qg4 26. Bd1 Qg6 27. Bc2 Kh8 28. Nc1
Qh5 29. Nb3 exd4 30. cxd4 Qb5 31. e5 Be7 32. Bb1 Nxb4 33. g4 dxe5 34. fxe5 Kg8
35. Qe1 Qd5 36. Be4 Qc4 37. Rc3 Qe6 38. Rxc7 Qxb3 39. Rxe7 Nc6 40. Rd7 Qb5 41.
Qf2 Nd8 42. Rd5 Qe8 43. g5 hxg5 44. Qf5 g6 45. Qxg5 Ne6 46. Qh4 Rd8 47. Rf3 Ng7
48. Qh6 Rd7 49. Rh3 f5 50. Qh7+ Kf7 51. Rh6 Rg8 52. Qxg6+ Kf8 53. Qxe8+ Kxe8 54.
Rxd7 Kxd7 55. Bxb7 1-0

[Event "chess.com IoM Masters"]
[Site "Douglas ENG"]
[Date "2017.09.28"]
[Round "6.22"]
[White "Rodshtein, Maxim"]
[Black "Pichot, Alan"]
[Result "1/2-1/2"]
[WhiteTitle "GM"]
[BlackTitle "GM"]
[WhiteElo "2695"]
[BlackElo "2565"]
[WhiteFideId "2806851"]
[BlackFideId "110973"]
[EventDate "2017.09.23"]

1. d4 Nf6 2. c4 g6 3. Nc3 Bg7 4. e4 d6 5. h3 O-O 6. Be3 c5 7. Nf3 Qa5 8. Bd3
Nfd7 9. Be2 cxd4 10. Nxd4 Nc6 11. O-O Nxd4 12. Bxd4 Bxd4 13. Qxd4 Qc5 14. Qd2
Nf6 15. Rfe1 Be6 16. b3 Rfc8 17. Rac1 a6 18. Bf3 Rc7 19. Na4 Qe5 20. Nb6 Re8 21.
Nd5 Rc5 22. b4 Rcc8 23. h4 Nd7 24. a4 a5 25. bxa5 Nc5 26. Rb1 Bd7 27. Bd1 Bc6
28. f4 Qe6 29. Qd4 Bxd5 30. cxd5 Qf6 31. Qxf6 exf6 32. Bc2 Ra8 33. Rb5 Ra6 34.
e5 fxe5 35. fxe5 Nd7 36. e6 Nc5 37. h5 Kg7 38. Re3 fxe6 39. hxg6 hxg6 40. dxe6
Re7 41. Bb1 Rxe6 42. Rxb7+ Kf6 43. Rf3+ Kg5 44. Rb5 Ra7 45. Rg3+ Kh6 46. Bc2 Kg7
47. Rg5 Ne4 48. Rg4 Nc5 49. Rd4 Rf6 50. Bd1 Nb7 51. Rdd5 Nc5 52. Kh2 Kf7 53. Rd4
Ke7 54. Bf3 Rf5 55. Rh4 Kf6 56. Rd4 Ke7 57. Be2 Re5 58. Bd1 Nd7 59. Rg4 Kf6 60.
Bc2 g5 61. Rd4 Ke7 62. Rdd5 Rxd5 63. Rxd5 Nc5 64. Rxg5 Rxa5 65. Rg4 Kf6 66. Kg3
Ke5 67. Kf3 Ra8 68. Rb4 d5 69. g4 Rf8+ 70. Ke3 Rh8 71. Kd2 Rh3 72. Kc1 d4 73.
Rb5 Kd5 74. Rb8 Rh1+ 75. Kb2 Rh2 76. Kb1 Rh1+ 77. Ka2 d3 78. Bxd3 Nxd3 79. a5
Kc4 80. Rc8+ Kb4 81. Rc2 Kxa5 82. Kb3 Kb5 83. Kc3 Ne5 84. Kd4 Nxg4 85. Rc5+ Kb4
86. Rc4+ Kb3 87. Rc3+ Kb2 88. Rg3 Rd1+ 89. Ke4 Nf6+ 90. Ke5 Nd5 91. Rg8 Nb4 92.
Rb8 Kb3 93. Ke4 Kc4 94. Rc8+ Kb5 95. Rb8+ Kc5 96. Rc8+ Nc6 97. Ke3 Kd5 98. Rh8
Ra1 99. Kf4 Ra4+ 100. Ke3 Re4+ 101. Kd3 Ne5+ 102. Kc3 Rc4+ 103. Kb3 Rc7 104.
Rd8+ Ke4 105. Re8 Rb7+ 1/2-1/2

[Event "chess.com IoM Masters"]
[Site "Douglas ENG"]
[Date "2017.09.28"]
[Round "6.23"]
[White "Sunilduth Lyna, Narayanan"]
[Black "Adhiban, Baskaran"]
[Result "1-0"]
[WhiteTitle "GM"]
[BlackTitle "GM"]
[WhiteElo "2568"]
[BlackElo "2670"]
[WhiteFideId "5058422"]
[BlackFideId "5018471"]
[EventDate "2017.09.23"]

1. d4 Nf6 2. c4 e6 3. Nf3 b6 4. g3 Ba6 5. Qc2 c5 6. d5 exd5 7. cxd5 Bb7 8. Bg2
Nxd5 9. O-O Be7 10. Rd1 Qc8 11. a3 Nc7 12. Nc3 Ne6 13. Nd5 Bxd5 14. Rxd5 Nc6 15.
Bf4 O-O 16. Rad1 Nxf4 17. gxf4 Qc7 18. e3 Rad8 19. h4 d6 20. R1d2 Bf6 21. Ng5 g6
22. Qd1 Ne7 23. Rxd6 Rxd6 24. Rxd6 Bd4 25. Ne4 Nf5 26. Rd7 Qxd7 27. Nf6+ Bxf6
28. Qxd7 Rd8 29. Qxa7 Rd1+ 30. Bf1 Bxh4 31. e4 Nd4 32. Kg2 Rc1 33. Bd3 Kg7 34.
Qxb6 Ne6 35. Kf3 Nd4+ 36. Kg2 Ne6 37. Kf3 Nd4+ 38. Ke3 Re1+ 39. Kd2 Bxf2 40. Qb7
Nf3+ 41. Kc2 Nd4+ 42. Kc3 Rc1+ 43. Kd2 Rg1 44. e5 Bg3 45. Bc4 Bxf4+ 46. Kd3 Bxe5
47. Qxf7+ Kh6 48. Qf8+ Kg5 49. Qe7+ Kf4 50. Qh4+ Rg4 51. Qh6+ Kf5 52. Bd5 Kf6
53. Qxh7 Kg5 54. Qe7+ Kf4 55. Qxc5 Rg1 56. Qf8+ Nf5 57. Kc2 Kg5 58. Be4 Nd4+ 59.
Kd3 Rd1+ 60. Kc4 Ne2 61. Qe7+ Bf6 62. Qc5+ Kg4 63. Qe3 Ng1 64. Bd3 Bg5 65. Be2+ 1-0

[Event "chess.com IoM Masters"]
[Site "Douglas ENG"]
[Date "2017.09.28"]
[Round "6.25"]
[White "Akobian, Varuzhan"]
[Black "Khmelniker, Ilya"]
[Result "1-0"]
[WhiteTitle "GM"]
[BlackTitle "GM"]
[WhiteElo "2662"]
[BlackElo "2480"]
[WhiteFideId "13300580"]
[BlackFideId "2805340"]
[EventDate "2017.09.23"]

1. Nf3 Nf6 2. c4 g6 3. Nc3 d5 4. cxd5 Nxd5 5. h4 Nc6 6. h5 Bg7 7. h6 Bf6 8. Ne4
O-O 9. g3 Bf5 10. Nxf6+ exf6 11. d3 Re8 12. Bg2 Qe7 13. Kf1 Rad8 14. e4 Bxe4 15.
dxe4 Qxe4 16. Bd2 Nb6 17. Qc1 g5 18. Bc3 Nd5 19. Kg1 Qf5 20. Qb1 Qg4 21. Qc2 Qc4
22. Nd2 Qe2 23. Bxd5 Rxd5 24. Kg2 Qg4 25. Rae1 Ne5 26. Bxe5 fxe5 27. Ne4 Qf5 28.
Rh5 1-0

[Event "chess.com IoM Masters"]
[Site "Douglas ENG"]
[Date "2017.09.28"]
[Round "6.27"]
[White "Xiong, Jeffery"]
[Black "Salomon, Johan"]
[Result "1/2-1/2"]
[WhiteTitle "GM"]
[BlackTitle "GM"]
[WhiteElo "2633"]
[BlackElo "2476"]
[WhiteFideId "2047640"]
[BlackFideId "1509500"]
[EventDate "2017.09.23"]

1. d4 d5 2. c4 e6 3. Nf3 Nf6 4. g3 Bb4+ 5. Bd2 Be7 6. Bg2 O-O 7. O-O c6 8. Bf4
dxc4 9. Ne5 Nd5 10. Nxc4 Nxf4 11. gxf4 f5 12. e3 Nd7 13. Nbd2 Nf6 14. a3 Nd5 15.
b4 Bd7 16. Rc1 h6 17. Nb3 g5 18. fxg5 hxg5 19. Nc5 Bc8 20. Qh5 Qe8 21. Qxe8 Rxe8
22. Rc2 Rd8 23. Rfc1 Bf6 24. Rb1 b6 25. Nd3 Ba6 26. Nce5 Rac8 27. Rbc1 Bb5 28.
Bf1 Ne7 29. a4 Bxa4 30. Ra2 b5 31. Nc5 Bxe5 32. dxe5 Nd5 33. Nxa4 bxa4 34. Rxa4
Rc7 35. b5 c5 36. Rca1 Rdd7 37. Bc4 Kf7 38. Bxd5 Rxd5 39. Rxa7 Rxa7 40. Rxa7+
Kg6 41. b6 Rd1+ 42. Kg2 Rb1 43. Rc7 Rxb6 44. Rxc5 f4 45. Kf3 1/2-1/2

[Event "chess.com IoM Masters"]
[Site "Douglas ENG"]
[Date "2017.09.28"]
[Round "6.28"]
[White "Arjun, Kalyan"]
[Black "Shirov, Alexei"]
[Result "1/2-1/2"]
[BlackTitle "GM"]
[WhiteElo "2406"]
[BlackElo "2630"]
[WhiteFideId "35018701"]
[BlackFideId "2209390"]
[EventDate "2017.09.23"]

1. e4 e5 2. Nf3 Nc6 3. Bb5 a6 4. Ba4 Nf6 5. O-O b5 6. Bb3 Bc5 7. c3 d6 8. d4 Bb6
9. Be3 O-O 10. Nbd2 Bg4 11. h3 Bh5 12. Bg5 Ra7 13. g4 Bg6 14. d5 Nb8 15. Qe2
Nbd7 16. a4 Qb8 17. Bc2 bxa4 18. Bxa4 h6 19. Bxd7 Nxd7 20. Be3 a5 21. Ne1 Bxe3
22. Qxe3 Nc5 23. Nd3 Nxd3 24. Qxd3 a4 25. Ra2 Qb6 26. Rfa1 Rfa8 27. Nc4 Qc5 28.
Ne3 f6 29. h4 Be8 30. Qc4 Qb6 31. Kh2 Bb5 32. Qb4 Bd3 33. Qxb6 cxb6 34. f3 b5
35. Kg3 1/2-1/2

[Event "chess.com IoM Masters"]
[Site "Douglas ENG"]
[Date "2017.09.28"]
[Round "6.29"]
[White "Jessel, Stephen"]
[Black "Bogner, Sebastian"]
[Result "0-1"]
[WhiteTitle "FM"]
[BlackTitle "GM"]
[WhiteElo "2334"]
[BlackElo "2599"]
[WhiteFideId "628859"]
[BlackFideId "4692055"]
[EventDate "2017.09.23"]

1. Nf3 Nf6 2. c4 g6 3. b4 Bg7 4. Bb2 O-O 5. g3 Nc6 6. b5 Na5 7. d3 a6 8. bxa6
Rxa6 9. Bg2 d6 10. O-O e5 11. Qc2 Nd7 12. Nc3 Nc5 13. Nd2 Nc6 14. Nb3 Nd4 15.
Qd1 Bf5 16. e4 Bd7 17. Nxd4 exd4 18. Ne2 Qa8 19. Bxd4 Bxd4 20. Nxd4 Rxa2 21.
Rxa2 Qxa2 22. Nb5 Bxb5 23. cxb5 Qb2 24. Qb1 Qd4 25. b6 c6 26. Qa1 Qxa1 27. Rxa1
Nxd3 28. Rd1 Nc5 29. Rxd6 Ra8 30. Rd1 Ra6 31. Rb1 Kf8 32. e5 Nd7 33. f4 Rxb6 34.
Ra1 Ke7 35. Bf1 Rb2 36. Ra3 f6 37. exf6+ Nxf6 38. h3 Kd6 39. Bg2 Nd5 40. Bf3 b5
41. Ra7 b4 42. Rxh7 b3 43. Rb7 c5 44. Rb5 Ne3 45. Rb6+ Kd7 46. Rb7+ Kc8 47. Rb5
c4 48. Re5 Rb1+ 49. Kf2 Nd1+ 50. Bxd1 Rxd1 51. Rb5 Kd7 52. Ke2 Rg1 53. Rd5+ Kc6 0-1

[Event "chess.com IoM Masters"]
[Site "Douglas ENG"]
[Date "2017.09.28"]
[Round "6.32"]
[White "Howell, David W L"]
[Black "Paehtz, Elisabeth"]
[Result "1-0"]
[WhiteTitle "GM"]
[BlackTitle "IM"]
[WhiteElo "2701"]
[BlackElo "2453"]
[WhiteFideId "410608"]
[BlackFideId "4641833"]
[EventDate "2017.09.23"]

1. g3 e5 2. c4 d6 3. Nc3 g6 4. d4 Bg7 5. dxe5 dxe5 6. Qxd8+ Kxd8 7. b3 Na6 8.
Bg2 Ke8 9. Ba3 f5 10. O-O-O Nh6 11. e4 Ng4 12. Rf1 Bh6+ 13. Kb1 Bf8 14. Bxf8
Rxf8 15. h3 Nf6 16. exf5 Bxf5+ 17. Ka1 c6 18. Re1 Nb4 19. Rxe5+ Kf7 20. Nf3 Rad8
21. Re2 Kg8 22. Rd1 Rxd1+ 23. Nxd1 Be4 24. Ne1 Rd8 25. Nc3 Bxg2 26. Nxg2 Kf7 27.
Ne1 Kf8 28. a3 Na6 29. Kb2 Nc5 30. Kc2 a5 31. Nf3 h6 32. Re3 g5 33. h4 g4 34.
Ne5 Kg7 35. Re1 Rd6 36. Re3 h5 37. Nd3 Ne6 38. Ne2 Kf7 39. Ne5+ Kg7 40. Nd3 Kf7
41. Re5 b6 42. Ndf4 Ng7 43. Nc3 Rd4 44. Nfe2 Rd8 45. Ne4 Nxe4 46. Rxe4 Ne6 47.
Re5 Rh8 48. Nf4 Nxf4 49. gxf4 Rh6 50. c5 b5 51. Kd3 Rh8 52. Ke4 Rd8 53. Rxh5 Rd2
54. Rh7+ Kf6 55. Rh6+ Kf7 56. Kf5 Rd5+ 57. Kxg4 Rxc5 58. f5 Rc1 59. Kg5 Rg1+ 60.
Kf4 c5 61. Rc6 Rc1 62. Rc7+ Kf6 63. Rc6+ Kf7 64. h5 c4 65. bxc4 bxc4 66. h6 c3
67. h7 Kg7 68. Rc7+ Kh8 69. f6 Rc2 70. f3 Rh2 71. Rc8+ 1-0

[Event "chess.com IoM Masters"]
[Site "Douglas ENG"]
[Date "2017.09.28"]
[Round "6.33"]
[White "Bok, Benjamin"]
[Black "Shvayger, Yuliya"]
[Result "1-0"]
[WhiteTitle "GM"]
[BlackTitle "WGM"]
[WhiteElo "2620"]
[BlackElo "2442"]
[WhiteFideId "1017063"]
[BlackFideId "14100126"]
[EventDate "2017.09.23"]

1. e4 c5 2. Nf3 Nc6 3. Bb5 e6 4. O-O Nge7 5. c3 a6 6. Ba4 b5 7. Bc2 Ng6 8. d4 d6
9. a4 Rb8 10. axb5 axb5 11. d5 Nce5 12. Nxe5 dxe5 13. c4 exd5 14. exd5 Bd6 15.
Nc3 bxc4 16. Ba4+ Bd7 17. Ne4 O-O 18. Bxd7 Qxd7 19. Ra6 Bc7 20. d6 Bb6 21. Qd5
Kh8 22. Be3 f5 23. Nxc5 Qb5 24. Rxb6 Qxb6 25. Ne6 Qb7 26. Qxb7 Rxb7 27. Nxf8
Nxf8 28. f4 e4 29. Rc1 Rxb2 30. Rxc4 Rb1+ 31. Kf2 Rd1 32. Bd4 Kg8 33. Ke2 Rd3
34. Be5 Ng6 35. Rc7 Nxe5 36. fxe5 Kf8 37. g3 h5 38. h4 g6 39. Rh7 Kg8 40. Ra7
Kf8 41. Ra6 Kf7 42. d7 1-0